Perl template toolkit / (Record no. 255)

MARC details
000 -LEADER
fixed length control field 01489cam a2200373 a 4500
001 - CONTROL NUMBER
control field 13736978
005 - DATE AND TIME OF LATEST TRANSACTION
control field 20200421093824.0
008 - FIXED-LENGTH DATA ELEMENTS--GENERAL INFORMATION
fixed length control field 040930t20032004cc a 001 0 eng
010 ## - LIBRARY OF CONGRESS CONTROL NUMBER
LC control number 2004558626
015 ## - NATIONAL BIBLIOGRAPHY NUMBER
National bibliography number GBA3-U1124
020 ## - INTERNATIONAL STANDARD BOOK NUMBER
International Standard Book Number 0596004761
035 ## - SYSTEM CONTROL NUMBER
System control number (OCoLC)ocm53243416
040 ## - CATALOGING SOURCE
Original cataloging agency UKM
Transcribing agency UKM
Modifying agency CUS
-- OCLCQ
-- DLC
042 ## - AUTHENTICATION CODE
Authentication code lccopycat
050 00 - LIBRARY OF CONGRESS CALL NUMBER
Classification number QA76.73.P22
Item number C35 2004
082 00 - DEWEY DECIMAL CLASSIFICATION NUMBER
Classification number 005.13/3
Edition information 22
100 1# - MAIN ENTRY--PERSONAL NAME
Personal name Chamberlain, Darren.
9 (RLIN) 478
245 10 - TITLE STATEMENT
Title Perl template toolkit /
Statement of responsibility, etc. Darren Chamberlain, David Cross, and Andy Wardley.
250 ## - EDITION STATEMENT
Edition statement 1st ed.
260 ## - PUBLICATION, DISTRIBUTION, ETC.
Place of publication, distribution, etc. Beijing ;
-- Sebastopol, CA
Name of publisher, distributor, etc. O'Reilly,
Date of publication, distribution, etc. 2003, c2004.
300 ## - PHYSICAL DESCRIPTION
Extent xiii, 574 p. :
Other physical details ill. ;
Dimensions 24 cm.
500 ## - GENERAL NOTE
General note "Scalable templating for the Web"--Cover.
500 ## - GENERAL NOTE
General note Includes index.
650 #0 - SUBJECT ADDED ENTRY--TOPICAL TERM
Topical term or geographic name entry element Perl (Computer program language)
9 (RLIN) 19
650 #0 - SUBJECT ADDED ENTRY--TOPICAL TERM
Topical term or geographic name entry element Web site development.
9 (RLIN) 479
700 1# - ADDED ENTRY--PERSONAL NAME
Personal name Cross, David,
Dates associated with a name 1962-
9 (RLIN) 480
700 1# - ADDED ENTRY--PERSONAL NAME
Personal name Wardley, Andy.
9 (RLIN) 481
856 42 - ELECTRONIC LOCATION AND ACCESS
Materials specified Publisher description
Uniform Resource Identifier <a href="http://www.loc.gov/catdir/enhancements/fy0715/2004558626-d.html">http://www.loc.gov/catdir/enhancements/fy0715/2004558626-d.html</a>
856 42 - ELECTRONIC LOCATION AND ACCESS
Materials specified Contributor biographical information
Uniform Resource Identifier <a href="http://www.loc.gov/catdir/enhancements/fy0912/2004558626-b.html">http://www.loc.gov/catdir/enhancements/fy0912/2004558626-b.html</a>
856 41 - ELECTRONIC LOCATION AND ACCESS
Materials specified Table of contents only
Uniform Resource Identifier <a href="http://www.loc.gov/catdir/enhancements/fy1010/2004558626-t.html">http://www.loc.gov/catdir/enhancements/fy1010/2004558626-t.html</a>
906 ## - LOCAL DATA ELEMENT F, LDF (RLIN)
a 7
b cbc
c copycat
d 2
e ncip
f 20
g y-gencatlg
942 ## - ADDED ENTRY ELEMENTS (KOHA)
Source of classification or shelving scheme Dewey Decimal Classification
Koha item type Books
Holdings
Withdrawn status Lost status Damaged status Not for loan Collection Home library Current library Shelving location Date acquired Barcode Date last seen Price effective from Koha item type
        Reference Centerville Centerville General stacks 09/04/2014 39999000011111 09/04/2014 09/04/2014 Books
        Reference Centerville Centerville General stacks 09/04/2014 39999000011135 09/04/2014 09/04/2014 Books
        Reference Fairview Fairview General stacks 09/04/2014 39999000011074 09/04/2014 09/04/2014 Books
        Reference Midway Midway General stacks 09/04/2014 39999000011098 09/04/2014 09/04/2014 Books